00471nam a2200157 a 450000500170000000800410001702000180005805000280007610000180010424500530012226000480017530000330022352100090025665000240026565000240028920140310183614.0120906s19uu xx 00 eng d a9780470660812 aHF 5548.32b.So644 2010 aSoskin, David aNet profit :bhow to suceed in digital business. aUnited Kingdom :bJohn Wiley & Sons,c2010. axxv, 300 p.bill. ;c 22 cm. aBSBA aElectronic commerce aSuccess in business